| 000 | 01108aam a2200289 i 4500 | ||
|---|---|---|---|
| 001 | 768714001 | ||
| 003 | CO-MdFUSB | ||
| 005 | 20240503155416.0 | ||
| 007 | ta | ||
| 008 | 240222t1959 ck |||| |||| 00| 0 spa d | ||
| 040 | _cCO-MdFUSB | ||
| 041 | 0 | _aspa | |
| 082 | 0 | 4 |
_a808.819382 _223 _bS685g |
| 100 | 1 |
_aSoles, Enrique _eautor |
|
| 245 | 1 | 0 |
_aGotas de la fuente : _bpoemas inspirados en la Palabra de Dios _c/ Enrique Soles |
| 264 | 1 |
_bArte Evangélico Literario, _aMedellín, Colombia : _c[1959] |
|
| 264 | 4 | _c©1959 | |
| 300 |
_a99 páginas _c; 17cm |
||
| 336 |
_atexto _btxt _2rdacontent |
||
| 337 |
_2rdamedia _asin mediación _bn |
||
| 338 |
_2rdacarrier _avolumen _bnc |
||
| 505 | _aLa Biblia (el libro de esperanza). -- En el día del bautismo. -- Lo que es la oración. -- Navidad. -- Al Dios redentor. -- Madre. -- A la Biblia. -- Resurrección. -- La iglesia de Cristo. -- Un año más. -- Gozo en la iglesia. -- ¿Qué pasa en la iglesia? -- Al verbo divino. -- A la madre. -- Un pensamiento más. | ||
| 563 | _aRústico | ||
| 653 | _aPoesía religiosa | ||
| 942 | _cBK | ||
| 945 | _aJTF-925 | ||
| 999 |
_c35850 _d35850 |
||